Unit operations of chemical engineering
Zapisane w:
| Główni autorzy: | , |
|---|---|
| Format: | Książka |
| Język: | angielski |
| Wydane: |
Nueva York
McGraw-Hill
1956
|
| Seria: | McGraw-Hill Chemical Engineering Series
|
| Hasła przedmiotowe: | |
| Etykiety: |
Dodaj etykietę
Nie ma etykietki, Dołącz pierwszą etykiete!
|
MARC
| LEADER | 00000nam a2200000 a 4500 | ||
|---|---|---|---|
| 001 | UCU7009 | ||
| 003 | CL-VaPUC | ||
| 008 | 960628e19560000US |||||||||||||||||eng|d | ||
| 082 | 0 | 4 | |a 660.284 |b MCC |2 21 |
| 100 | |a McCabe, Warren Lee |e autor |9 481851 | ||
| 700 | 0 | |a Smith, Julian Cleveland |e author |9 365460 | |
| 245 | 1 | 0 | |a Unit operations of chemical engineering |
| 300 | |a 945 p | ||
| 942 | |c BK | ||
| 945 | |d 19960628 00:00:00 |a cmena | ||
| 260 | |a Nueva York |b McGraw-Hill |c 1956 | ||
| 650 | 7 | |a INGENIERIA QUIMICA |2 CL-VaPUC |9 8 | |
| 650 | 0 | |a Tecnología química |9 263002 | |
| 650 | 0 | |a Mecánica de fluidos |9 259464 | |
| 650 | 0 | |a Masa |9 344731 | |
| 650 | 7 | |a FUERZAS MECANICA |2 CL-VaPUC |9 359700 | |
| 650 | 7 | |a MATERIA FISICA |2 CL-VaPUC |9 360137 | |
| 650 | 7 | |a COMBINACION QUIMICA |2 CL-VaPUC |9 365461 | |
| 583 | |a last modification |c 19960628 00:00:00 |k Rodrigo Vera | ||
| 490 | 0 | |a McGraw-Hill Chemical Engineering Series | |
| 999 | |c 249727 |d 249725 | ||